Introducción al estudio del trabajo / (Registro nro. 11800)

Detalles MARC
000 -LEADER
fixed length control field 01019nam a2200253Ia 4500
003 - CONTROL NUMBER IDENTIFIER
control field OSt
005 - DATE AND TIME OF LATEST TRANSACTION
control field 20210528102942.0
008 - FIXED-LENGTH DATA ELEMENTS--GENERAL INFORMATION
fixed length control field 210310s1991 mx ad| gr 000 0 spa d
020 ## - INTERNATIONAL STANDARD BOOK NUMBER
International Standard Book Number 9681832442
040 ## - CATALOGING SOURCE
Original cataloging agency CO-JMCR
Transcribing agency CO-JMCR
041 0# - LANGUAGE CODE
Language code of text/sound track or separate title spa
082 04 - DEWEY DECIMAL CLASSIFICATION NUMBER
Classification number 331.118 /
Item number O686i
Edition number 23
110 2# - MAIN ENTRY--CORPORATE NAME
Corporate name or jurisdiction name as entry element Organización Internacional del Trabajo
9 (RLIN) 38002
245 10 - TITLE STATEMENT
Title Introducción al estudio del trabajo /
Statement of responsibility, etc. Oficina Internacional de Trabajo
250 ## - EDITION STATEMENT
Edition statement Tercera edición (revisada)
260 ## - PUBLICATION, DISTRIBUTION, ETC.
Place of publication, distribution, etc. México :
Name of publisher, distributor, etc. Noriega,
Date of publication, distribution, etc. 1991.
300 ## - PHYSICAL DESCRIPTION
Extent xiv, (1 pagina plegable), 451 páginas :
Other physical details ilustraciones en blanco y negro ;
Dimensions 28 cm.
504 ## - BIBLIOGRAPHY, ETC. NOTE
Bibliography, etc. note Bibliografía: páginas 449-451.
505 0# - FORMATTED CONTENTS NOTE
Formatted contents note Producto y estudio del trabajo. -- Estudió de métodos. -- Medición del trabajo. -- Del análisis a la síntesis: nuevas formas de organización del trabajo. -- Apéndices.
650 14 - SUBJECT ADDED ENTRY--TOPICAL TERM
Topical term or geographic name entry element Estudio de trabajao
9 (RLIN) 38003
650 24 - SUBJECT ADDED ENTRY--TOPICAL TERM
Topical term or geographic name entry element Organización del trabajo.
9 (RLIN) 12614
650 24 - SUBJECT ADDED ENTRY--TOPICAL TERM
Topical term or geographic name entry element Medición del trabjao
9 (RLIN) 38004
942 ## - ADDED ENTRY ELEMENTS (KOHA)
Source of classification or shelving scheme Dewey Decimal Classification
Koha item type Books
Existencias
Withdrawn status Lost status Source of classification or shelving scheme Damaged status Not for loan Home library Current library Shelving location Date acquired Source of acquisition Full call number Barcode Date last seen Copy number Price effective from Koha item type
    Dewey Decimal Classification     Biblioteca Pública José María del Castillo y Rada Biblioteca Pública José María del Castillo y Rada General Stacks 04/15/2018 Donación 331.118 / O686i 430002765 05/16/2024 Ej.1 03/10/2021 Books